Skład Realu Madryt na sezon 19/20 - Statystyki

Ogólne statystyki
  • Ten quiz został rozwiązany 549 razy
    530 od ostatniego zresetowania
  • Średni wynik to 19 z 27
Statystyki odpowiedzi
Pozycja Zawodnik % Poprawnych
obrońca Sergio Ramos
95%
napastnik Karim Benzema
94%
pomocnik Luka Modric
90%
obrońca Marcelo
87%
obrońca Raphael Varane
85%
obrońca Daniel Carvajal
83%
obrońca Ferland Mendy
81%
pomocnik Casemiro
80%
bramkarz Thibaut Courtois
80%
napastnik Vinicius Junior
79%
napastnik Gareth Bale
78%
pomocnik Toni Kroos
74%
TRENER Zinedine Zidane
74%
napastnik Mariano
73%
pomocnik Isco
72%
pomocnik Rodrygo
72%
obrońca Nacho Fernandez
68%
napastnik Eden Hazard
66%
pomocnik Federico Valverde
65%
obrońca Eder Militao
63%
bramkarz Alphonso Areola
60%
napastnik Luka Jovic
59%
pomocnik Marco Asensio
59%
napastnik Lucas Vazquez
47%
pomocnik James Rodriguez
44%
pomocnik Reinier
36%
pomocnik Brahim Diaz
24%
Nie znaleziono quizów pasujących do podanych kryteriów
Rozkład punktacji
Procent ludzi z każdym wynikiem
Percentyl według liczby udzielonych odpowiedzi
Twoja historia wyników
Nie rozwiązałeś tego quizu od ostatniego zresetowania